Guess the city by its landmark - Netherlands - Statistics

General Stats
  • This quiz has been taken 26 times
  • The average score is 7 of 12
Answer Stats
Picture Answer % Correct
Amsterdam
100%
Rotterdam
96%
The Hague
83%
Utrecht
83%
Groningen
61%
Giethoorn
52%
Amersfoort
48%
Gouda
48%
Maastricht
48%
Volendam
39%
Alkmaar
30%
Tilburg
30%
No matching quizzes found
Score Distribution
Percent of People with Each Score
Percentile by Number Answered
Your Score History
You have not taken this quiz